Sociálne siete a ich využitie v elektronickom podnikaní bakalárska práca

Na minha lista:
Detalhes bibliográficos
Autor principal: Petráš, Tomáš
Autor Corporativo: Fakulta hospodárskej informatiky EU. Katedra aplikovanej informatiky
Outros Autores: Sihelský, Patrik
Formato: Livro
Idioma:eslovaco
Publicado em: Bratislava 2013
Tags: Adicionar Tag
Sem tags, seja o primeiro a adicionar uma tag!

MARC

LEADER 00000nbm a2200000 4500
001 0173081
005 20161109112137.0
041 0 |a slo 
044 |a SK 
245 1 0 |a Sociálne siete a ich využitie v elektronickom podnikaní  |b bakalárska práca  |c Tomáš Petráš ; školiteľ: Patrik Sihelský 
264 1 |a Bratislava  |c 2013 
300 |a 47 s. 
100 1 |a Petráš, Tomáš 
700 1 |a Sihelský, Patrik 
710 2 |a Fakulta hospodárskej informatiky EU. Katedra aplikovanej informatiky